Estações do VLT da Baixada Santista - Statistics

Estatísticas Gerais
  • Esse quiz foi jogado 12 vezes
  • A pontuação média é 8 de 15
Estatísticas das Respostas
Linha 1 % Correto
Porto
92%
Barreiros
75%
Ana Costa
67%
Bernardino de Campos
67%
Washington Luís
67%
Conselheiro Nébias
58%
Itararé
58%
Nossa Senhora das Graças
58%
Pinheiro Machado
58%
São Vicente
50%
Antônio Emmerich
42%
João Ribeiro
42%
Mascarenhas de Moraes
42%
Nossa Senhora de Lourdes
42%
José Monteiro
25%
Nenhum quiz correspondente encontrado
Distribuição das Pontuações
Porcentagem de Pessoas com Cada Pontuação
Percentil de Números Respondidos
Sua Pontuação Histórica
Você não jogou esse quiz